[Event "Match"]
[Site "www.echecsemail.com"]
[Date "2015.08.28"]
[Round "1"]
[White "Ditto"]
[Black "Delacey"]
[WhiteElo "1830"]
[BlackElo "1900"]
[Result "0-1"]
[Round "1"]
1.d4 d5
2.Ng1f3 Nb8c6
3.Bc1f4 Bc8f5
4.e3 Nc6b4
5.Nb1a3 Ng8f6
6.Bf1b5 c6
7.Bb5e2 Qd8a5
8.c3 Nb4a6
9.O-O e6
10.Bf4e5 Bf8xa3
11.bxa3 O-O
12.Qd1c1 Nf6d7
13.Be5d6 Rf8e8
14.Nf3g5 h6
15.Ng5f3 Ra8c8
16.Nf3h4 Bf5h7
17.Be2h5 Nd7f6
18.Bh5e2 Nf6e4
19.Bd6e5 c5
20.c4 cxd4
21.Be5xd4 dxc4
22.Be2xc4 e5
23.Bd4b2 Ne4d6
24.Bc4xf7 Nd6xf7
25.Qc1d1 Re8d8
26.Qd1f3 e4
27.Qf3g3 Qa5g5
28.Qg3h3 Rc8c2
29.Bb2d4 Nf7e5
30.Qh3e6 Ne5f7
31.g3 Rc2c6
32.Qe6b3 Rd8c8
33.Qb3xb7 Na6c5
34.Qb7xa7 Rc6c7
35.Qa7a5 Nc5d3
36.Qa5xg5 Nf7xg5
37.Nh4g2 Ng5h3
38.Kh1 Nd3xf2
39.Rf1xf2 Nh3xf2
40.Kg1 Nf2h3
41.Kf1 Rc7c1
42.Ke2 Rc1xa1
43.Bd4xa1 Rc8c2
44.Kd1 Rc2xg2
45.Ba1d4 Rg2xh2
46.Kc1 Rh2xa2
47.Bd4c5 Nh3f2
48.Kb1 Ra2d2
49.Kc1 Rd2d1
50.Kc2 Rd1d8
51.Kb3 Nf2d3
52.Bc5d4 g5
53.a4 Kf8
54.a5 h5
55.a6 h4
56.gxh4 gxh4
57.a7 h3
58.Kc4 h2
59.Bd4e5 h1Q
60.Be5f6 Qh1c1
{ resign }
0-1

[Event "Match"]
[Site "www.echecsemail.com"]
[Date "2015.08.28"]
[Round "1"]
[White "Wagner"]
[Black "Hansen"]
[WhiteElo "1720"]
[BlackElo "1500"]
[Result "1-0"]
[Round "1"]
1.e4 c5
2.c4 f6
3.h3 Nb8c6
4.Qd1h5 g6
5.Qh5xc5 e6
6.Qc5e3 Nc6e5
7.a3 b6
8.b4 Bc8a6
9.b5 Ba6b7
10.d4 Ne5f7
11.g4 Nf7g5
12.Bf1d3 Ra8c8
13.f4 Ng5f7
14.Nb1c3 g5
15.f5 e5
16.d5 Nf7d6
17.Qe3e2 a6
18.Ng1f3 axb5
19.Nf3d2 bxc4
20.Bd3c2 b5
21.Ra1b1 Qd8a5
22.Rb1b4 Nd6f7
23.Nc3xb5 Bf8xb4
24.a4 c3
25.Nd2b1 Bb7a6
26.Bc2d3 c2
27.Nb1d2 Qa5xa4
28.Kf2 Qa4a1
29.Nd2b3 Rc8c3
30.Nb3xa1 Ba6xb5
31.Bd3xb5 Nf7d6
32.Na1xc2 Bb4c5
33.Kg2 h5
34.Bb5a4 Nd6c4
35.Bc1d2 Rc3xc2
36.Ba4xc2 Nc4d6
37.Qe2a6 Ke7
38.Qa6a8 Nd6c4
39.Rh1d1 hxg4
40.hxg4 Nc4b6
41.Qa8b8 Kf7
42.Bc2d3 Nb6a4
43.Rd1b1 Kg7
44.Rb1b7 Ng8h6
45.Rb7xd7 Nh6f7
46.Rd7xf7 Kxf7
47.Qb8xh8 Na4b2
48.Bd3b5 { resign }
1-0

[Event "Match"]
[Site "www.echecsemail.com"]
[Date "2015.08.28"]
[Round "1"]
[White "Katze"]
[Black "Bojan"]
[WhiteElo "1599"]
[BlackElo "1930"]
[Result "0-1"]
[Round "1"]
1.f4 Nb8c6
2.Ng1f3 d5
3.e3 g6
4.Bf1b5 Bc8d7
5.Bb5xc6 Bd7xc6
6.O-O Ng8h6
7.Nf3e5 Bc6b5
8.d3 Bf8g7
9.a4 Bg7xe5
10.axb5 Be5g7
11.Nb1c3 { time. }
0-1

[Event "Match"]
[Site "www.echecsemail.com"]
[Date "2015.08.28"]
[Round "1"]
[White "Katze"]
[Black "Pinehill"]
[WhiteElo "1599"]
[BlackElo "1890"]
[Result "0-1"]
[Round "1"]
1.c4 Ng8f6
2.Nb1c3 e6
3.d4 Bf8b4
4.Qd1c2 O-O
5.e3 d5
6.Bc1d2 c6
7.Ng1f3 Nb8d7
8.Bf1d3 dxc4
9.Bd3xc4 Bb4xc3
10.Bd2xc3 { time. }
0-1

[Event "Match"]
[Site "www.echecsemail.com"]
[Date "2015.08.28"]
[Round "1"]
[White "Katze"]
[Black "Ditto"]
[WhiteElo "1599"]
[BlackElo "1820"]
[Result "0-1"]
[Round "1"]
1.e4 e5
2.Ng1f3 Nb8c6
3.Nb1c3 Bf8c5
4.Bf1c4 Ng8f6
5.d3 O-O
6.O-O d6
7.Bc1g5 Nc6b8
8.Nc3d5 Nb8d7
9.Nd5xf6 { time. }
0-1

[Event "Match"]
[Site "www.echecsemail.com"]
[Date "2015.08.28"]
[Round "1"]
[White "Cristiano"]
[Black "Raulazo"]
[WhiteElo "1980"]
[BlackElo "2000"]
[Result "1-0"]
[Round "1"]
1.e4 e5
2.f4 exf4
3.Ng1f3 Bf8c5
4.d4 Bc5b4
5.c3 Bb4e7
6.Bc1xf4 Be7h4
7.Bf4g3 Bh4g5
8.Bf1c4 Ng8f6
9.Nf3xg5 O-O
10.Nb1d2 d5
11.Bc4d3 Bc8g4
12.Qd1c2 dxe4
13.Ng5xe4 Rf8e8
14.O-O a5
15.Ne4xf6 gxf6
16.Bd3xh7 Kh8
17.Bh7f5 Bg4e2
18.Rf1f4 Kg7
19.Ra1e1 Be2b5
20.Rf4g4 Kf8
21.Bf5h7 Re8xe1
22.Bg3xe1 Ke7
23.Qc2e4 Kd6
24.Be1g3 Kd7
25.Bh7f5 
1-0

[Event "Match"]
[Site "www.echecsemail.com"]
[Date "2015.08.28"]
[Round "1"]
[White "Caspito"]
[Black "Pinehill"]
[WhiteElo "1770"]
[BlackElo "1980"]
[Result "0-1"]
[Round "1"]
1.e4 d5
2.e5 c5
3.Bf1b5 Bc8d7
4.Qd1e2 a6
5.Bb5xd7 Qd8xd7
6.Ng1f3 e6
7.b3 Nb8c6
8.O-O Bf8e7
9.Bc1b2 h5
10.c3 Ng8h6
11.d4 Nh6f5
12.Nb1d2 O-O-O
13.a3 Kb8
14.dxc5 Be7xc5
15.b4 Bc5b6
16.c4 Bb6c7
17.b5 axb5
18.cxb5 Nc6a5
19.a4 h4
20.Bb2c3 d4
21.Bc3b4 Qd7d5
22.Nf3g5 Rd8d7
23.Ra1e1 b6
24.Bb4xa5 bxa5
25.Nd2c4 h3
26.Ng5xh3 Rh8xh3
27.gxh3 Nf5h4
28.Re1c1 Qd5g2
{ resign }
0-1

[Event "Tourn. n8334"]
[Site "www.chess-mail.com"]
[Date "2015.08.29"]
[Round "1"]
[White "Osopanda"]
[Black "Amaya"]
[WhiteElo "1970"]
[BlackElo "1900"]
[Result "0-1"]
[Round "1"]
1.c4 g6
2.d4 Bf8g7
3.Nb1c3 Ng8f6
4.e4 d6
5.f4 O-O
6.Ng1f3 Bc8g4
7.Bf1e2 Nb8d7
8.O-O c5
9.e5 Nf6e8
10.exd6 exd6
11.d5 Ne8c7
12.h3 Bg4xf3
13.Be2xf3 Qd8h4
14.Bc1e3 Rf8e8
15.Qd1d2 Nd7b6
16.b3 Re8xe3
17.Qd2xe3 Bg7d4
{ resign }
0-1

[Event "Tourn. n8320"]
[Site "www.chess-mail.com"]
[Date "2015.08.29"]
[Round "1"]
[White "Yangqi"]
[Black "Jose"]
[WhiteElo "2470"]
[BlackElo "2670"]
[Result "0-1"]
[Round "1"]
1.c4 f5
2.g3 Ng8f6
3.Bf1g2 e6
4.Ng1f3 Bf8e7
5.O-O O-O
6.Nb1c3 d6
7.b4 e5
8.d3 Qd8e8
9.Ra1b1 Qe8h5
10.Qd1c2 a5
11.b5 Nb8d7
12.Bc1d2 f4
13.gxf4 Nd7c5
14.Rb1e1 Bc8h3
15.Bg2xh3 Qh5xh3
16.Nc3d5 Nf6g4
17.Nd5xe7 Kh8
18.Bd2e3 Ra8e8
19.Kh1 Re8xe7
20.Rf1g1 Nc5xd3
21.Qc2xd3 e4
22.Qd3d5 exf3
23.Rg1xg4 Qh3xg4
24.exf3 Qg4e6
25.Qd5xb7 Qe6xc4
26.Re1c1 Qc4f7
27.a4 d5
28.Rc1c5 Re7d7
29.b6 d4
30.Be3d2 Qf7b3
31.Rc5xa5 cxb6
32.Qb7xd7 Qb3xf3
33.Kg1 bxa5
34.Qd7xd4 h6
35.Bd2c3 Qf3g4
36.Kf1 Rf8xf4
37.Qd4d8 Kh7
38.Qd8d3 Qg4f5
39.Qd3xf5 Rf4xf5
40.Kg2 Rf5c5
41.Bc3e1 Kg6
42.Kf3 Kf5
43.Be1d2 h5
44.Bd2e1 Rc5d5
45.h3 Rd5d3
46.Kg2 Rd3d5
47.f3 Rd5e5
48.Kf2 Re5xe1
49.Kxe1 Kf4
50.Kf2 h4
51.Kg2 Ke3
{ resign }
0-1

[Event "Match"]
[Site "www.echecsemail.com"]
[Date "2015.08.29"]
[Round "1"]
[White "Fangshuo1"]
[Black "Azorau"]
[WhiteElo "1499"]
[BlackElo "1529"]
[Result "1-0"]
[Round "1"]
1.e4 e5
2.Ng1f3 Nb8c6
3.Nb1c3 Ng8f6
4.Bf1b5 Bf8c5
5.Nf3xe5 Nc6xe5
6.d4 Ne5g6
7.dxc5 O-O
8.O-O c6
9.Bb5d3 a5
10.f4 d6
11.cxd6 Qd8xd6
12.e5 Qd6d4
13.Kh1 Nf6g4
14.Nc3e4 Bc8f5
15.c3 Ng4f2
16.Ne4xf2 Qd4c5
17.Bd3xf5 Ng6e7
18.Nf2e4 Qc5a7
19.Bf5xh7 Kxh7
20.Qd1h5 Kg8
21.Ne4g5 Rf8d8
22.Qh5xf7 Kh8
23.Ng5e6 Ne7f5
24.Qf7xf5 Qa7a6
25.Qf5h5 Kg8
26.Bc1e3 Rd8e8
27.Ne6g5 Qa6c4
28.Qh5h7 Kf8
29.Qh7h8 Ke7
30.Qh8xg7 Kd8
31.Be3b6 { resign }
1-0

[Event "Match"]
[Site "www.echecsemail.com"]
[Date "2015.08.29"]
[Round "1"]
[White "Pablincho"]
[Black "Carazo"]
[WhiteElo "1650"]
[BlackElo "1599"]
[Result "1-0"]
[Round "1"]
1.e4 e5
2.d4 exd4
3.Qd1xd4 Ng8f6
4.Nb1c3 Nb8c6
5.Qd4d1 Bf8b4
6.a3 Bb4c5
7.h3 Qd8e7
8.Bf1d3 Bc5d4
9.f3 Bd4xg1
10.Rh1xg1 Qe7e5
11.f4 Qe5d4
12.Rg1f1 h5
13.Qd1f3 a6
14.Bc1e3 Qd4d6
15.e5 Qd6e6
16.exf6 Nc6d4
17.Qf3e4 Nd4c6
18.Nc3d5 Qe6xe4
19.Bd3xe4 Kd8
20.fxg7 Rh8g8
21.Nd5f6 Rg8xg7
22.Nf6xh5 Rg7g8
23.O-O-O Nc6a5
24.Be4d5 Rg8f8
25.f5 c6
26.Bd5f3 Na5c4
27.Be3g5 Kc7
28.Bg5e7 Rf8e8
29.Rd1e1 d6
30.f6 d5
31.g4 Bc8e6
32.Nh5g7 Re8h8
33.Ng7xe6 Kd7
34.Ne6c5 Kc7
35.Bf3g2 b6
36.Nc5d3 b5
37.Nd3e5 Nc4b6
38.Ne5xf7 Rh8h7
39.Nf7e5 Nb6d7
40.g5 Ra8g8
41.g6 Rh7h6
42.f7 Nd7f8
43.fxg8Q { resign }
1-0

[Event "Match"]
[Site "www.echecsemail.com"]
[Date "2015.08.29"]
[Round "1"]
[White "Jhw"]
[Black "Olddog55"]
[WhiteElo "2059"]
[BlackElo "1730"]
[Result "1-0"]
[Round "1"]
1.e4 e5
2.Ng1f3 d6
3.c3 Ng8f6
4.d3 c6
5.h3 Bf8e7
6.Bf1e2 O-O
7.O-O c5
8.c4 Nb8c6
9.a3 Nc6d4
10.Nf3xd4 cxd4
11.b4 a5
12.b5 a4
13.Nb1d2 Qd8a5
14.Ra1b1 Qa5c3
15.Rb1b4 d5
16.Bc1b2 Be7xb4
17.Bb2xc3 Bb4xc3
18.Nd2f3 dxc4
19.dxc4 Nf6xe4
20.g4 f6
21.Qd1c2 Ne4c5
22.Nf3h4 e4
23.f4 d3
24.Qc2xc3 dxe2
25.Rf1e1 f5
26.Nh4xf5 Bc8xf5
27.gxf5 Rf8xf5
28.Re1xe2 Rf5xf4
29.Re2g2 g6
30.Qc3e3 Ra8f8
31.Qe3xc5 Rf4f1
32.Kh2 Rf8f3
33.Qc5d5 Kg7
34.Qd5xb7 Kh6
35.Qb7xe4 Rf3xa3
36.c5 Ra3a1
37.b6 Rf1h1
38.Kg3 g5
39.b7 Ra1b1
40.Qe4e6 Kh5
41.Qe6e8 Kh6
42.b8Q { resign }
1-0

[Event "Match"]
[Site "www.echecsemail.com"]
[Date "2015.08.29"]
[Round "1"]
[White "Gilliere"]
[Black "Pinehill"]
[WhiteElo "1780"]
[BlackElo "1850"]
[Result "0-1"]
[Round "1"]
1.e4 d5
2.exd5 Ng8f6
3.c4 e6
4.dxe6 Bc8xe6
5.d3 Bf8b4
6.Bc1d2 Qd8e7
7.Ng1e2 Nb8c6
8.Bd2xb4 Qe7xb4
9.Qd1d2 O-O-O
10.Qd2xb4 Nc6xb4
11.Ne2c1 Nb4c2
12.Kd2 Nc2xa1
13.Nb1c3 Be6xc4
14.b3 Bc4e6
15.g3 Be6f5
16.Bf1e2 Rh8e8
17.f3 Nf6d5
18.Nc3xd5 Rd8xd5
19.g4 Bf5g6
20.h4 f5
21.h5 Bg6f7
22.h6 gxh6
23.Rh1xh6 Bf7g6
24.gxf5 Bg6xf5
25.Rh6h4 Rd5c5
26.Rh4c4 Re8e5
27.d4 Rc5xc4
28.bxc4 Re5e8
29.Be2d3 Bf5xd3
30.Nc1xd3 h5
31.d5 h4
32.Nd3f2 Na1c2
33.Nf2g4 Nc2d4
34.f4 Re8e2
35.Kd3 h3
36.Kxd4 h2
37.Ng4xh2 Re2xh2
38.f5 Rh2xa2
39.Ke5 Kd7
40.Kf6 c6
41.dxc6 Kxc6
42.Kg7 Kc5
43.f6 Kxc4
44.f7 Ra2f2
45.f8Q Rf2xf8
46.Kxf8 a5
{ resign }
0-1

[Event "Match"]
[Site "www.echecsemail.com"]
[Date "2015.08.29"]
[Round "1"]
[White "Billyg"]
[Black "Azorau"]
[WhiteElo "1590"]
[BlackElo "1910"]
[Result "0-1"]
[Round "1"]
1.e4 e5
2.Ng1f3 Nb8c6
3.c3 Bf8c5
4.b4 Bc5b6
5.b5 Nc6e7
6.d4 Ng8f6
7.Bf1d3 d5
8.dxe5 Nf6g4
9.h3 Ng4xf2
10.Qd1e2 Nf2xh1
11.g4 Nh1g3
12.Qe2g2 Ng3xe4
13.Nf3d4 Ne4c5
14.Bd3e2 Ne7g6
15.Bc1e3 O-O
16.Nb1d2 Qd8h4
17.Be3f2 Qh4e7
18.Qg2g3 Ng6xe5
19.Nd4f5 Bc8xf5
20.gxf5 c6
21.O-O-O Nc5a4
22.Bf2d4 Qe7a3
23.Kb1 Qa3b2
{ resign }
0-1

[Event "1/32 Finale"]
[Site "www.chess-mail.com"]
[Date "2015.08.29"]
[Round "1"]
[White "Jhw"]
[Black "Bevittsmith"]
[WhiteElo "1880"]
[BlackElo "2240"]
[Result "0-1"]
[Round "1"]
1.c4 e5
2.Ng1f3 e4
3.Nf3d4 Ng8f6
4.e3 c5
5.Nd4b5 Nb8c6
6.b3 a6
7.Nb5c3 d6
8.Qd1c2 Bc8f5
9.h3 Bf8e7
10.g4 Bf5g6
11.a3 h6
12.Bf1g2 O-O
13.Nc3xe4 Nf6xe4
14.Bg2xe4 Bg6xe4
15.Qc2xe4 Rf8e8
16.Qe4f3 Qd8b6
17.Qf3d1 Be7f6
18.Nb1c3 Bf6xc3
19.dxc3 Nc6e5
20.f4 Qb6c6
21.Kf2 Ne5d3
22.Kg1 Nd3xc1
23.Qd1xc1 Qc6f3
24.Ra1a2 Re8xe3
25.Rh1h2 Ra8e8
26.Rh2f2 Re3e1
27.Qc1xe1 Re8xe1
28.Kh2 Re1h1

0-1

[Event "Tourn. n8314"]
[Site "www.chess-mail.com"]
[Date "2015.08.30"]
[Round "1"]
[White "Fvdp"]
[Black "Manolinex"]
[WhiteElo "2320"]
[BlackElo "2700"]
[Result "1/2-1/2"]
[Round "1"]
1.e4 e5
2.Ng1f3 Nb8c6
3.d4 exd4
4.Nf3xd4 Ng8f6
5.Nd4xc6 bxc6
6.e5 Qd8e7
7.Qd1e2 Nf6d5
8.c4 Bc8a6
9.b3 g6
10.Bc1b2 Bf8g7
11.g3 O-O
12.Bf1g2 Ra8e8
13.O-O Bg7xe5
14.Qe2xe5 Qe7xe5
15.Bb2xe5 Re8xe5
16.cxd5 Ba6xf1
17.Kxf1 cxd5
18.f4 Re5e6
19.Bg2xd5 Re6d6
20.Nb1c3 c6
21.Nc3e4 Rd6xd5
22.Ne4f6 Kg7
23.Nf6xd5 cxd5
24.Ra1d1 Rf8c8
25.Rd1xd5 Rc8c1
26.Kg2 Rc1c2
27.Kg1 Rc2xa2
28.Rd5xd7 h5
29.b4 Kf6
30.h3 Ke6
31.Rd7b7 f6
32.b5 { draw }
1/2-1/2

[Event "Tourn. n8319"]
[Site "www.chess-mail.com"]
[Date "2015.08.30"]
[Round "1"]
[White "Gatrooper"]
[Black "Huw"]
[WhiteElo "1460"]
[BlackElo "999"]
[Result "1-0"]
[Round "1"]
1.e4 e5
2.a3 Nb8c6
3.Ng1f3 Ng8f6
4.Nb1c3 d5
5.exd5 Nf6xd5
6.Nc3xd5 Qd8xd5
7.d3 Bc8g4
8.h3 Bg4h5
9.Bf1e2 Bf8c5
10.c4 Qd5d8
11.g4 Bh5g6
12.Bc1g5 f6
13.Bg5e3 Nc6d4
14.Be3xd4 Bc5xd4
15.O-O Bd4xb2
16.Ra1b1 Bb2d4
17.Rb1xb7 Bd4b6
18.Nf3d2 O-O
19.Be2f3 Bg6xd3
20.Rf1e1 Qd8d4
21.Re1e3 Rf8d8
22.Nd2b3 Qd4xc4
23.Nb3d2 Qc4a4
24.Qd1xa4 { resign }
1-0

[Event "Tourn. n8366"]
[Site "www.chess-mail.com"]
[Date "2015.08.30"]
[Round "1"]
[White "Madz123456"]
[Black "Guidom"]
[WhiteElo "2220"]
[BlackElo "2180"]
[Result "1-0"]
[Round "1"]
1.e4 e5
2.Ng1f3 Nb8c6
3.d4 exd4
4.Bf1c4 d6
5.c3 Nc6e5
6.Nf3xe5 dxe5
7.f4 exf4
8.Bc1xf4 Ng8f6
9.cxd4 Bf8b4
10.Nb1c3 O-O
11.O-O Bb4xc3
12.bxc3 Nf6xe4
13.Qd1f3 Ne4d6
14.Bf4xd6 Qd8xd6
15.Bc4xf7 Kh8
16.Qf3e4 Bc8d7
17.Qe4xb7 Bd7c6
18.Qb7b4 Qd6d7
19.Bf7b3 Rf8b8
20.Qb4c5 Qd7e8
21.Ra1e1 Qe8g6
22.d5 Bc6d7
23.Qc5xc7 Bd7h3
24.Qc7g3 Qg6b6
25.Kh1 Bh3d7
26.Rf1f7 { resign }
1-0

[Event "Tourn. n8338"]
[Site "www.chess-mail.com"]
[Date "2015.08.30"]
[Round "1"]
[White "Luban"]
[Black "Xkafi"]
[WhiteElo "2090"]
[BlackElo "2040"]
[Result "1-0"]
[Round "1"]
1.d4 e6
2.c4 h6
3.e3 b6
4.Ng1f3 Nb8c6
5.a3 Ng8f6
6.Nb1c3 Bc8b7
7.Bf1e2 Nc6e7
8.O-O Ne7g6
9.Be2d3 Bf8d6
10.e4 Bd6f4
11.e5 Nf6h7
12.Bd3xg6 Bf4xc1
13.Bg6xf7 Kxf7
14.Ra1xc1 Rh8f8
15.Qd1d3 Kg8
16.d5 Nh7g5
17.Nf3xg5 Qd8xg5
18.Nc3e4 Qg5xe5
19.Rf1e1 Qe5xb2
20.f3 exd5
21.cxd5 c5
22.Ne4d6 Bb7c8
23.Nd6xc8 Ra8xc8
24.d6 Rf8f6
25.Rc1c2 Qb2xc2
26.Qd3xc2 Rf6xd6
27.Re1e7 b5
28.Qc2f5 Rc8f8
29.Qf5xc5 Rd6g6
30.Qc5d5 Kh7
31.Qd5xd7 Rf8xf3
32.Qd7xa7 Rf3b3
33.Re7f7 Rb3b2
34.g3 Rg6g5
35.Qa7d4 Rb2b3
36.Qd4e4 Rg5g6
37.Rf7f3 Rb3b2
38.Rf3f4 Rb2d2
39.Rf4g4 Rd2d6
40.Qe4b1 Rd6b6
41.Rg4xg6 Rb6xg6
42.Qb1xb5 { resign }
1-0

[Event "Tourn. n8341"]
[Site "www.chess-mail.com"]
[Date "2015.08.30"]
[Round "1"]
[White "Cheminet"]
[Black "Hansen"]
[WhiteElo "1520"]
[BlackElo "1530"]
[Result "1-0"]
[Round "1"]
1.e4 d5
2.exd5 Qd8xd5
3.c4 Qd5e4
4.Qd1e2 Qe4c2
5.Nb1c3 Qc2g6
6.Ng1f3 Bc8g4
7.Nc3d5 Nb8a6
8.h3 Bg4xf3
9.Qe2xf3 Ra8d8
10.Bf1d3 Qg6e6
11.Bd3e2 c6
12.Nd5f4 Qe6e5
13.O-O Na6c5
14.d3 g5
15.d4 Rd8xd4
16.Nf4d3 Nc5xd3
17.Be2xd3 g4
18.hxg4 e6
19.b4 Bf8xb4
20.Ra1b1 Bb4d6
21.g3 Ng8f6
22.Bc1f4 Qe5c5
23.Bf4xd6 Rd4xd6
24.Qf3xf6 Rd6xd3
25.Qf6xh8 Ke7
26.Rb1xb7 Rd3d7
27.Rb7xd7 Kxd7
28.Qh8xh7 Ke7
29.Qh7e4 f5
30.gxf5 Kd7
31.Qe4xe6 Kc7
32.f6 Kb6
33.f7 Ka5
34.Qe6e8 Qc5xc4
35.f8Q Qc4xa2
36.Qe8e5 { resign }
1-0

[Event "Tourn. n8357"]
[Site "www.chess-mail.com"]
[Date "2015.08.30"]
[Round "1"]
[White "Falcoale"]
[Black "Mitja"]
[WhiteElo "1930"]
[BlackElo "1810"]
[Result "1-0"]
[Round "1"]
1.e4 d5
2.exd5 Qd8xd5
3.Nb1c3 Qd5d8
4.d4 c6
5.Ng1f3 e6
6.Bf1d3 h6
7.O-O Ng8f6
8.Rf1e1 Nf6d5
9.Nc3e4 Nb8d7
10.c3 Nd7f6
11.Ne4xf6 Qd8xf6
12.Qd1d2 Bf8d6
13.Bd3c4 O-O
14.Re1e4 b5
15.Bc4b3 Bc8b7
16.Re4g4 Kh8
17.Bb3c2 Qf6e7
18.Rg4xg7 Kxg7
19.Qd2xh6 { resign }
1-0

[Event "Tourn. n8353"]
[Site "www.chess-mail.com"]
[Date "2015.08.30"]
[Round "1"]
[White "Katze"]
[Black "Hansen"]
[WhiteElo "1559"]
[BlackElo "1530"]
[Result "0-1"]
[Round "1"]
1.Ng1f3 e6
2.c4 d5
3.cxd5 Qd8xd5
4.d4 b6
5.Nb1c3 Bf8b4
6.Bc1d2 Qd5f5
7.e4 Qf5f6
8.e5 Qf6f5
 { time }
0-1

[Event "Tourn. n8354"]
[Site "www.chess-mail.com"]
[Date "2015.08.30"]
[Round "1"]
[White "Scasan55"]
[Black "Libiesse"]
[WhiteElo "2030"]
[BlackElo "2140"]
[Result "0-1"]
[Round "1"]
1.e4 c5
2.c3 e6
3.d4 cxd4
4.cxd4 Ng8f6
5.Bf1d3 d5
6.e5 Nf6d7
7.Ng1f3 Nd7b6
8.O-O Nb8c6
9.a3 g6
10.Bc1g5 Qd8c7
11.Bg5f6 Rh8g8
12.Nb1c3 Bc8d7
13.b4 Nc6xb4
14.Nc3b5 Bd7xb5
15.axb4 Bb5xd3
16.Qd1xd3 Bf8xb4
17.Qd3b5 Qc7c6
18.Qb5xb4 Qc6c4
19.Qb4xc4 Nb6xc4
20.Rf1c1 Kd7
21.Kf1 b5
22.Nf3g5 Nc4d2
23.Ke2 Nd2b3
24.Ra1xa7 Ra8xa7
25.Rc1d1 Ra7a2
26.Kf3 Ra2d2
27.Rd1xd2 Nb3xd2
28.Ke2 Nd2c4
29.Ng5xf7 b4
30.Kd1 Rg8b8
31.Kc1 b3
32.Nf7d6 b2
33.Kb1 Nc4a3
{ resign }
0-1

[Event "Tourn. n8326"]
[Site "www.chess-mail.com"]
[Date "2015.08.30"]
[Round "1"]
[White "Caspito"]
[Black "Redabond"]
[WhiteElo "1690"]
[BlackElo "1730"]
[Result "1-0"]
[Round "1"]
1.e4 e5
2.Ng1f3 Nb8c6
3.Bf1c4 h6
4.c3 Bf8c5
5.O-O Ng8f6
6.d4 exd4
7.cxd4 Bc5b4
8.a3 O-O
9.axb4 Nf6xe4
10.Nf3e5 Nc6xe5
11.dxe5 c6
12.Nb1c3 Ne4xc3
13.bxc3 b5
14.Bc4d3 d6
15.exd6 Qd8f6
16.Bc1b2 Rf8d8
17.Qd1e2 Rd8xd6
18.c4 bxc4
19.Bb2xf6 cxd3
20.Qe2e8  { time }
1-0

[Event "Match"]
[Site "www.echecsemail.com"]
[Date "2015.08.30"]
[Round "1"]
[White "Mdesouza"]
[Black "Ztornad"]
[WhiteElo "2210"]
[BlackElo "1780"]
[Result "1-0"]
[Round "1"]
1.e4 e5
2.Ng1f3 d6
3.d4 Nb8c6
4.dxe5 dxe5
5.Qd1xd8 Nc6xd8
6.Nf3xe5 Nd8c6
7.Ne5xc6 bxc6
8.Bf1c4 Bc8e6
9.Bc4xe6 fxe6
10.b3 Bf8b4
11.Bc1d2 Ra8b8
12.Bd2xb4 Rb8xb4
13.c4 c5
14.Nb1c3 Rb4b6
15.e5 Ng8e7
16.f4 Ne7f5
17.O-O-O Nf5e3
18.Rd1d2 O-O
19.Rh1e1 Ne3g4
20.h3 Ng4h6
21.Re1f1 a5
22.Nc3a4 Rb6c6
23.g4 g6
24.Rd2d7 Nh6f7
25.Kd2 Rf8d8
26.Rd7xd8 Nf7xd8
27.Ke3 h6
28.Rf1d1 Nd8f7
29.Ke4 g5
30.f5 exf5
31.gxf5 h5
32.Rd1d5 Rc6h6
33.Na4xc5 g4
34.hxg4 h4
35.Nc5e6 h3
36.Rd5d1 h2
37.Rd1h1 Rh6h4
38.Kf4 Rh4h6
39.Ne6xc7 Nf7d8
40.Kg3 Rh6c6
41.Nc7d5 Nd8f7
42.Nd5e7 Kf8
43.Ne7xc6 Nf7g5
44.Rh1xh2 Ng5e4
45.Kf4 Ne4c5
46.Rh2h7 a4
47.bxa4 Nc5xa4
48.Kg5 Na4c5
49.Kg6 Ke8
50.e6 Nc5xe6
51.fxe6 Kf8
52.Rh7h8  { time }
1-0

[Event "Match"]
[Site "www.echecsemail.com"]
[Date "2015.08.30"]
[Round "1"]
[White "Coraza8091"]
[Black "Ditto"]
[WhiteElo "1659"]
[BlackElo "1820"]
[Result "0-1"]
[Round "1"]
1.e4 e5
2.Ng1f3 Nb8c6
3.Bf1c4 Ng8f6
4.Nf3g5 d5
5.exd5 Nc6d4
6.d6 Qd8xd6
7.Ng5xf7 Qd6c6
8.b3 Qc6xg2
9.Rh1f1 Qg2e4
10.Bc4e2 Nd4f3
{ resign }
0-1

[Event "Match"]
[Site "www.echecsemail.com"]
[Date "2015.08.30"]
[Round "1"]
[White "Tictac"]
[Black "Pinehill"]
[WhiteElo "1499"]
[BlackElo "1950"]
[Result "1-0"]
[Round "1"]
1.d4 Ng8f6
2.c4 e6
3.Ng1f3 b6
4.g3 Bc8a6
5.Qd1a4 Bf8e7
6.Bf1g2 O-O
7.Nb1c3 c6
8.Bc1f4 d6
9.O-O b5
10.cxb5 cxb5
11.Qa4b3 Nb8d7
12.Rf1e1 Qd8b6
13.e4 Rf8c8
14.e5 dxe5
15.Nf3xe5 Nd7xe5
16.dxe5 Nf6d5
17.Nc3xd5 exd5
18.Bg2xd5 Ba6b7
19.Bd5xf7 Kh8
20.Ra1d1 h6
21.Bf7d5 Bb7xd5
22.Rd1xd5 a6
23.Rd5d7 Be7c5
24.Re1e2 Ra8a7
25.e6 Ra7xd7
26.exd7 Bc5xf2
27.Kf1 Rc8c1
28.Bf4xc1 { resign }
1-0

[Event "Match"]
[Site "www.echecsemail.com"]
[Date "2015.08.30"]
[Round "1"]
[White "Tictac"]
[Black "Guidom"]
[WhiteElo "1499"]
[BlackElo "2160"]
[Result "1-0"]
[Round "1"]
1.d4 d5
2.c4 Ng8f6
3.Ng1f3 c6
4.Nb1c3 e6
5.Bc1g5 Bf8e7
6.e3 Nb8d7
7.Bf1d3 dxc4
8.Bd3xc4 Nd7b6
9.Bc4d3 O-O
10.e4 h6
11.Bg5e3 Qd8c7
12.h3 Be7b4
13.O-O Bc8d7
14.Qd1d2 Ra8d8
15.Be3f4 Qc7c8
16.Bf4xh6 Bb4xc3
17.Qd2g5 Nf6e8
18.bxc3 f6
19.Qg5g6 Qc8c7
20.e5 f5
21.Nf3g5 { resign }
1-0

[Event "Match"]
[Site "www.echecsemail.com"]
[Date "2015.08.30"]
[Round "1"]
[White "Rindrandria"]
[Black "Ranjachess"]
[WhiteElo "1650"]
[BlackElo "1680"]
[Result "0-1"]
[Round "1"]
1.e3 d5
2.d4 Ng8f6
3.g3 a6
4.b4 b5
5.Nb1c3 g6
6.a4 Nb8c6
7.axb5 Nc6xb4
8.Nc3b1 Bc8f5
9.Nb1a3 axb5
10.Bf1xb5 c6
11.Bc1d2 Nb4xc2
12.Na3xc2 cxb5
13.Nc2a3 Bf5d3
14.Bd2b4 Bd3c4
15.Qd1f3 Ra8a4
16.Na3c2 Ra4xa1
17.Nc2xa1 Qd8a8
18.Na1c2 Qa8a4
19.Qf3d1 Bc4b3
20.Qd1a1 Bb3xc2
21.Qa1xa4 bxa4
22.Ng1e2 Bf8h6
23.Ne2c3 Nf6e4
24.O-O Ne4xc3
25.Bb4xc3 O-O
26.Rf1c1 Bc2b3
27.Bc3b4 Rf8a8
28.Bb4xe7 a3
29.Be7f6 a2
30.Rc1a1 Bh6f8
31.g4 Bb3c2
32.g5 Bc2b1
33.Kg2 Bf8b4
34.e4 Bb1xe4
35.f3 Be4b1
36.Kg3 Bb4c3
37.Kf4 Bc3xa1
38.Ke5 Ra8a6
39.Kxd5 Ra6xf6
40.gxf6 Ba1xd4
41.Kxd4 a1Q
42.Ke3 Qa1xf6
43.Kf2 Bb1e4
44.Ke3 Qf6xf3
45.Kd4 f6
46.Kc5 Qf3d3
47.Kb6 Qd3c4
48.Ka7 Qc4b5
49.h4 Qb5b7

0-1

[Event "Match"]
[Site "www.echecsemail.com"]
[Date "2015.08.30"]
[Round "1"]
[White "Conde7"]
[Black "Nimzo"]
[WhiteElo "2850"]
[BlackElo "2720"]
[Result "1/2-1/2"]
[Round "1"]
1.e4 e6
2.d4 d5
3.e5 c5
4.c3 Nb8c6
5.Ng1f3 Qd8b6
6.a3 Ng8h6
7.b4 cxd4
8.cxd4 Nh6f5
9.Bc1e3 f6
10.exf6 gxf6
11.Bf1d3 Nf5xe3
12.fxe3 Bf8h6
13.Qd1e2 a5
14.b5 Nc6e7
15.Nb1c3 e5
16.e4 dxe4
17.Bd3xe4 exd4
18.Nc3a4 Qb6d6
19.O-O Bh6e3
20.Kh1 f5
21.Be4c2 f4
22.Na4b2 O-O
23.Nb2c4 Qd6f6
24.Nc4xe3 dxe3
25.Ra1c1 Kh8
26.Bc2e4 Ra8b8
27.b6 Bc8f5
28.Be4xf5 Ne7xf5
29.Qe2b5 Nf5d6
30.Qb5d3 Rb8e8
31.Rc1c7 Rf8f7
32.Rf1c1 Rf7g7
33.Rc7xg7 Kxg7
34.Rc1c7 Kf8
35.Qd3xh7 e2
36.Rc7c1 Nd6e4
37.h3 Ne4d2
38.Rc1e1 Nd2xf3
39.gxf3 Re8e7
40.Qh7d3 Qf6e6
41.Kh2 Qe6e3
42.Qd3xe3 Re7xe3
43.Kg2 a4
44.h4 Kf7
45.h5 Re3e5
46.h6 Re5e6
47.h7 Kg7
48.Kh3 Kxh7
49.Kg4 Kg6
50.Kxf4 Kf6
51.Kg3 { draw }
1/2-1/2

[Event "Match"]
[Site "www.echecsemail.com"]
[Date "2015.08.30"]
[Round "1"]
[White "Whitekknight"]
[Black "Raulazo"]
[WhiteElo "1910"]
[BlackElo "2010"]
[Result "0-1"]
[Round "1"]
1.e4 e5
2.Ng1f3 Nb8c6
3.Bf1c4 h6
4.Nb1c3 Ng8f6
5.O-O Bf8c5
6.Qd1e2 a6
7.a4 b6
8.Nc3d5 Bc8b7
9.c3 Nf6xd5
10.Bc4xd5 Qd8e7
11.b4 O-O
12.bxc5 Qe7xc5
13.Bc1a3 Qc5a5
14.Qe2c4 b5
15.Qc4a2 Qa5xa4
16.Ba3xf8 Qa4xa2
17.Ra1xa2 Ra8xf8
18.Bd5xc6 dxc6
19.Nf3xe5 Rf8e8
20.d4 c5
21.Rf1e1 f6
22.Ne5f3 Bb7xe4
23.Ra2e2 f5
24.Nf3d2 Re8d8
25.Nd2xe4 fxe4
26.dxc5 Rd8d5
27.Re2xe4 Rd5xc5
28.c4 bxc4
29.Re1a1 c3
30.Ra1a4 c2
{ resign }
0-1

[Event "Match"]
[Site "www.echecsemail.com"]
[Date "2015.08.30"]
[Round "1"]
[White "Raulazo"]
[Black "Pare123"]
[WhiteElo "1980"]
[BlackElo "1970"]
[Result "0-1"]
[Round "1"]
1.e4 d5
2.exd5 Qd8xd5
3.Nb1c3 Qd5d8
4.Ng1f3 Ng8f6
5.Bf1c4 e6
6.Qd1e2 Bf8e7
7.b3 O-O
8.Bc1b2 Rf8e8
9.O-O-O a5
10.Bc4b5 c6
11.Bb5d3 b5
12.h4 h6
13.h5 a4
14.Rh1h4 a3
15.Bb2a1 b4
16.Nc3e4 Ra8a5
17.Nf3e5 Nf6xe4
18.Rh4xe4 f6
19.Ne5g6 e5
20.Bd3c4 Kh7
21.Bc4d3 Bc8f5
22.Re4e3 Bf5xd3
23.Re3xd3 Ra5d5
24.Qe2e4 Kg8
25.Qe4c4 Kh7
26.Qc4e4 Rd5xd3
27.Ng6f4 Kg8
28.Nf4xd3 Qd8b6
29.Qe4g6 Re8d8
30.Ba1xe5 fxe5
31.f4 exf4
32.Nd3xf4 Qb6d4
33.Qg6e6 Kh7
34.Qe6g6 Kh8
35.c3 Qd4xf4
36.g3 Qf4e5
37.Qg6g4 bxc3
38.d3 Be7g5
39.Kc2 Nb8a6
40.Qg4a4 Qe5e2
41.Kxc3 Qe2b2
42.Kc4 Qb2d4
{ resign }
0-1